000 01016nam a2200205Ia 4500
001 b6798-48823
003 IT-MiCISF
008 161014s9999||||xx |||||||||||||| ||und||
040 _aIT-MiCISF
_cIT-MiCISF
041 _ait
100 _aGenni Miliotti Anna
245 0 _aLe fiabe per... parlare di separazione
_bUn aiuto per grandi e piccini
250 _a1a ed.
260 _a Milano
_bFranco Angeli
_c2009
300 _app. 151
500 _a / divorzio, figli-divorzio, rapporti-genitori-figli / Con una fiaba si può affrontare meglio la realtà, perché attraverso la fiaba il bambino può elaborare dolori e paure e può trovare vie per esternare i propri sentimenti. Il volume propone fiabe e testi (scritti non solo da adulti ma anche da bambini) che regalano emozioni, sorprese e allo stesso tempo strumenti utili ad affrontare o meglio comprendere un delicato momento come la separazione dei genitori.
650 _a Dinamiche familiari / divorzio
_e001
942 _cBK
957 _71
999 _a48823
_bsi
_g1
_c210210
_d210210